00870 a2200145 4500003000500000005001700005040000900022082001200031100002000043245005300063260002500116300001000141505056200151650001100713Nust20230504103933.0 cNust a962,JOE ajoesten,Joachim aNasser: b The Rise To Power / cJoachim Joesten aLondonbOdhams Press a222:p aNasser at School (Page-13), Britain in Egypt (Page-20), The Growth of Nationalism (Page-35), Future Political Program (Page-56Nasser the Student (Page-62), Tiger of Faluja (Page-76), Revolution (Page-83), Nasser Versus Neguib (Page-100), The Aswan High Dam (Page-120), The Big Bold Grab (Page-132), Nasser Between East and West (Page-141) The Egyptian (Page-165), A King Survives (Page-171), The United Nasser Republic (Page-182), Dream of Empire (Page-192) The Brothers in Baghdad (Page-200), Nasser and Kassem (Page-208), Nasser the Family Man (Page-216). aNasser